[Event "WchT 10th"]
[Site "Tsaghkadzor"]
[Date "2015.04.28"]
[Round "9.2"]
[White "Sethuraman, SP."]
[Black "Yu, Yangyi"]
[Result "0-1"]
[WhiteElo "2623"]
[BlackElo "2724"]
[Annotator "Ftacnik,L"]
[PlyCount "158"]
[EventDate "2015.04.19"]
[EventType "team-tourn"]
[EventRounds "9"]
[EventCountry "ARM"]
[SourceTitle "CBM 166"]
[Source "ChessBase"]
[SourceDate "2015.05.11"]
[SourceVersion "1"]
[SourceVersionDate "2015.05.11"]
[SourceQuality "1"]
[WhiteTeam "India"]
[BlackTeam "China"]
[WhiteTeamCountry "IND"]
[BlackTeamCountry "CHN"]

1. e4 c5 2. Nf3 e6 3. c3 {In this form of the c3-Sicilian Black has a rather
limited scope of options.} Nf6 (3... d5 4. e5 $5) 4. e5 Nd5 5. d4 cxd4 6. cxd4
d6 7. Bc4 Nc6 8. O-O Be7 9. a3 {The modest 9.a3 move is directed against all
forms of knight move to b4.} O-O 10. Re1 Bd7 11. Qe2 (11. Qd3 Rc8 12. Bd2 Nb6
13. Bb3 dxe5 14. dxe5 Nb8 15. Bc2 g6 16. Bh6 Re8 17. Nc3 Bc6 18. Nd4 Bd5 19.
Nxd5 Nxd5 {1-0 (92) Lyell,M (2274)-Gulamali,K (2356) Budapest 2015} 20. Ba4 $14
) 11... Rc8 (11... Qb6 12. Nc3 (12. Qe4 Na5 13. Nbd2 Nxc4 14. Nxc4 Qa6 15. Nxd6
Bxd6 16. exd6 Qxd6 17. Bg5 f6 18. Bh4 Rac8 19. Rac1 Qb6 $15 {0-1 (30)
Stoockalov,V (2280)-Korobkov,P (2494) Alushta 2010}) 12... Nxd4 13. Nxd4 Qxd4
14. exd6 Nxc3 15. bxc3 Qxd6 16. Rd1 Qc7 17. Bd3 Bc6 18. Qg4 Rfd8 19. Bf4 Qa5
20. Qg3 Qh5 21. Be5 Qg5 22. Qh3 Rxd3 {0-1 (22) Jerez Perez,A (2383)
-Solodovnichenko,Y (2537) Castelldefels 2006}) 12. exd6 {Sethuraman is the
first to blink in the face of perfect mobilisation of black pieces. The
transformation of the pawn structure enables White to contemplate direct
development of the knight to c3.} (12. Nbd2 dxe5 (12... Na5 13. Ba2 Ba4 14. Ne4
Nb3 15. Rb1 Qb6 16. Be3 dxe5 17. dxe5 Nxe3 18. Qxe3 Qxe3 19. Rxe3 Nc1 20. Nc3
Nxa2 21. Nxa4 b5 $17 {1-0 (72) Arnaudov,P (2369)-Klokas,K (2160) Plovdiv 2008})
13. dxe5 Na5 14. Ba2 Ba4 15. Nd4 Nc6 16. Nxc6 Rxc6 17. Nf3 Qb6 18. Bxd5 Rc2 19.
Be3 Qd8 20. Qd1 Qxd5 21. Qxd5 exd5 22. b3 $11 {1/2 (35) Kosintseva,N (2551)-Ju,
W (2496) Ningbo 2010}) (12. Bd3 Na5 13. Bd2 g6 14. Nc3 Nb3 15. Nxd5 exd5 16.
Rad1 Nxd2 17. Qxd2 Be6 18. Bb1 Re8 19. Qf4 Qb6 20. Rd2 dxe5 21. Nxe5 $11 {
1-0 (71) Dancevski,O (2411)-Filev,G (2393) Struga 2009}) 12... Bxd6 13. Nc3
Nxc3 14. bxc3 h6 {Perfectly balanced, but at the same time an eminently
playable middlegame position. White must be careful what to do with his
hanging pawns on the c- and d-files.} 15. Ba2 (15. Bd3 Na5 16. c4 Nb3 17. Rb1
Nxc1 18. Rexc1 b6 19. Qe4 f5 $11) 15... Ne7 16. c4 Bc6 17. Bb2 Ng6 18. g3 {
The pawn move weakens the kingside, but not everybody would have been ready to
entertain the double-edged direct advance of the d-pawn.} (18. d5 exd5 19. cxd5
Bxd5 20. Bxd5 Nf4 21. Qd2 Nxd5 22. Rad1 Rc5 23. g3 Qc7 24. Qd4 f6 25. Qg4 $11)
18... Re8 19. Rad1 Qa5 (19... b6 20. Bb1 Bb7 21. Nd2 $11) 20. c5 {With a
proper chess education White knows that after the moment of completing the
development of the pieces he not only can, but rather has to find a way to
create the play.} Be7 (20... Bc7 21. Qd3 Rcd8 $11) 21. h4 Bf6 22. Nh2 {It is
quite interesting to compare two different forms of a similar idea. The knight
could have gone to c4 and d6, but on the kingside White would like to use it
for an attack.} (22. Nd2 Red8 23. Nc4 Qa6 24. Nd6 Qxe2 25. Rxe2 Bf3 26. Nxc8
Bxe2 27. Rd2 Ba6 28. Nd6 b6 $11) 22... Qd8 23. Ng4 (23. h5 Nf8 24. Ng4 Nh7 25.
f4 b6 $11) 23... Bxh4 $5 {The tension is high and Yu correctly reads that the
position is asking for radical solutions. The modest retreat to e7 would
enable White to develop a shooting game against his king on g8.} (23... Be7 24.
d5 $1 Bxd5 (24... exd5 25. Qf3 Bxc5 26. h5 Rxe1+ 27. Rxe1 Nf8 28. Bxg7 Bxf2+
29. Qxf2 Kxg7 30. Qd4+ f6 31. Nxf6 Qb6 32. Re7+ Kh8 33. Qxb6 axb6 34. g4 $16)
25. h5 Nf8 26. Rxd5 exd5 27. Nxh6+ gxh6 28. Qg4+ Bg5 29. Rxe8 Qxe8 30. Qd4 f6
31. Qxd5+ Ne6 32. Qxe6+ Kg7 33. Qf5 Rd8 34. Bb3 Rd2 35. Bc2 Kf8 $14) 24. gxh4
$6 (24. Ne5 $1 Nxe5 25. dxe5 Qg5 (25... Qe7 26. Rd4 Bg5 27. f4 Bh4 28. Qf2 $14)
26. Kh2 Red8 27. Rd6 Rxd6 28. exd6 b6 29. Bb1 bxc5 30. Be4 Bxe4 31. Qxe4 Qd2
32. Re2 Bxg3+ 33. fxg3 Qxd6 34. Qg4 $14) 24... Qxh4 25. Nh2 {It is much easier
to become critical about complicated choices both players had to make in a
position that was not standard any more.} (25. f3 Nf4 26. Qh2 Nh3+ 27. Kf1 Bxf3
28. Nf2 Bxd1 29. Rxd1 Qxf2+ 30. Qxf2 Nxf2 31. Kxf2 b6 $15) 25... Nf4 26. Qe3
Ng2 27. Qe5 (27. Qg3 Qxg3 28. fxg3 Nxe1 29. Rxe1 Bd5 30. Bb1 b6 $15) 27... Nxe1
28. Rxe1 Qh3 {The Chinese player could have done better with the immediate
centralisdation of the bishop.} (28... Bd5 $5 29. Bb1 (29. Bxd5 exd5 30. Qxe8+
Rxe8 31. Rxe8+ Kh7 32. Re3 Qg5+ 33. Kf1 Qg6 $17) 29... b6 30. Re3 Qg5+ $17) 29.
f3 Bd5 30. Bb1 (30. Bxd5 exd5 31. Qxe8+ Rxe8 32. Rxe8+ Kh7 33. Re2 h5 $17)
30... f6 31. Qf4 (31. Qe3 b6 32. Re2 Rb8 $15) 31... b6 32. Re2 f5 $2 {Black
hated the idea of opening the bishops for the play against his kingside, but
his solution is strategically flawed.} (32... bxc5 $1 33. Rg2 cxd4 34. Qxd4 Re7
35. Qd3 f5 36. Qd4 Rcc7 $15) 33. Rg2 Rf8 (33... Qh5 34. Bd3 $11) 34. Rg3 Qh5
35. Nf1 Rf6 36. Ne3 Qf7 37. Kf2 {White is not worse any more, but he was
becoming tired of difficult choices.} (37. Bd3 Qc7 38. Qxc7 Rxc7 39. Nxd5 exd5
40. Kf2 $11) 37... Qb7 38. Nd1 (38. Ba1 Rd8 39. Rg1 $14) 38... Kf7 39. Qe5 (39.
Rg1 Rd8 40. Bc2 $11) 39... Qb8 $1 40. Nc3 $2 {The amusing idea of abandoning
the 40th move in all chess games would have helped quite a few players. So
many positions have turned rotten by the hasty decisions made before the time
control...} (40. Rh3 bxc5 41. Qxb8 Rxb8 42. dxc5 Rg6 43. Bc2 $11) 40... bxc5
41. Ba1 cxd4 $1 (41... Qxe5 42. dxe5 Rg6 43. Rh3 (43. Nxd5 Rxg3 44. Kxg3 exd5
45. Bxf5 Rd8 46. Bb2 d4 47. Bd3 Rb8 48. Bc1 Ke7 $17) 43... Rd8 $17) 42. Qxd4 (
42. Qxb8 Rxb8 43. Nxd5 Rxb1 44. Nxf6 Rxa1 45. Nd7 Ra2+ 46. Ke1 g5 $17) 42...
Rc4 43. Qd3 Rg6 {Objectively speaking the move with the other rook might have
been more exact, but the choice from the game is much more "human"and
understandable.} (43... Rh4 $5 44. Nxd5 Rh2+ 45. Rg2 Rxg2+ 46. Kxg2 Rg6+ 47.
Kf2 Qh2+ 48. Ke3 Qg1+ 49. Kf4 Qe1 50. Qc2 Qg3+ 51. Ke3 Qg1+ 52. Kd3 exd5 $19)
44. Rxg6 Kxg6 45. Nxd5 Qh2+ 46. Ke3 Qg1+ 47. Ke2 (47. Kd2 Qc1+ 48. Ke2 Rh4 49.
Bd4 Rh1 50. Bf2 Qxb1 51. Nf4+ Kh7 $17) 47... Rc1 $1 {Black is perfectly
coordinated, so the temporary sacrifice of the material was a very clever
attacking investment.} 48. Nf4+ Kh7 49. Bc3 (49. Qd2 Rxb1 50. Bc3 e5 51. Bxe5
Rf1 $1 52. Bd4 Qh2+ 53. Kd3 Rxf3+ $19) 49... Rxb1 50. Nxe6 Qf1+ 51. Ke3 Qxd3+
52. Kxd3 g5 {[%mdl 4096] In the scholary scheme of chess evaluation Black is
ahead in material, but even more important is the active rook and unstoppable
h-pawn on the open file.} 53. a4 Kg6 54. Ke2 h5 55. a5 h4 56. Kf2 h3 57. Kg3 (
57. Be5 Rd1 58. Nf8+ Kh5 59. Kg3 g4 $19) 57... Rh1 58. Bd4 (58. f4 g4 $19)
58... a6 $6 {If we should insist on chosing the best move then the pawn
advance on the queenside would have to be replaced by the one on the kingside.
Black will have to work harder now.} (58... f4+ $1 59. Kg4 (59. Nxf4+ gxf4+ 60.
Kxf4 h2 $19) 59... h2 60. Kh3 a6 61. Kg2 Re1 62. Nf8+ Kf7 63. Kxh2 Kxf8 64. Bf6
Re3 65. Bxg5 Rxf3 $19) 59. Bb6 (59. Nc5 f4+ 60. Kg4 h2 61. Kh3 Rd1 62. Kxh2
Rxd4 63. Nxa6 Rd5 $19) 59... f4+ 60. Nxf4+ (60. Kg4 h2 61. Kh3 Re1 62. Nf8+ Kf7
63. Kxh2 Kxf8 $19) 60... gxf4+ 61. Kxf4 Kf6 62. Kg3 Ke5 63. Bc7+ Kd4 64. Bb6+
Kd3 {Once again the purists would be mildly unhappy about ignoring the more
exact move 64...Kd5.} (64... Kd5 $1 65. Kg4 h2 66. Kg3 Rb1 67. Kxh2 Rxb6 68.
axb6 Kc6 69. f4 Kxb6 $19) 65. Kf2 h2 (65... Kc4 66. Kg3 Kd5 67. f4 Ke4 68. Kg4
h2 69. Kg3 Rg1+ 70. Kxh2 Rg7 71. f5 Kxf5 $19) 66. Kg2 Rf1 67. Kxh2 Rxf3 {
The celebrated endgame of rook pawn and rook fighting against the bishop.
Unfortunately the white king is hopelessly locked in the wrong corner and will
end up on the h-file.} 68. Kg1 Kd2 69. Kh2 Kd1 70. Bc7 (70. Kg2 Ke2 71. Kh2 Rd3
72. Kg2 Rb3 73. Kh2 (73. Bc7 Rb7 74. Bb6 Rg7+ $19) 73... Kf3 74. Kh3 Rb4 75.
Kh2 Rb5 76. Kg1 Rb2 $19) 70... Rf7 71. Bb6 Rg7 {Now the win is easy, it just
entails hitting the a5-pawn twice and the white king will not be able to
return in time.} 72. Kh3 Ke2 73. Kh4 Kd3 74. Kh3 Kc4 75. Kh2 (75. Kh4 Kb4 76.
Kh5 Rg2 77. Kh4 Ra2 78. Kg3 Rxa5 79. Bxa5+ Kxa5 80. Kf2 Kb4 81. Ke2 Kb3 $19)
75... Kb4 76. Kh3 Rg5 77. Kh2 Rxa5 78. Bxa5+ Kxa5 79. Kg3 Kb4 (79... Kb4 80.
Kf2 Kb3 $19) 0-1

[Event "Malmo"]
[Site "Malmo"]
[Date "1993.??.??"]
[Round "6"]
[White "Rozentalis, Eduardas"]
[Black "Rogers, Ian"]
[Result "1-0"]
[WhiteElo "2595"]
[BlackElo "2575"]
[Annotator "Ftacnik,L"]
[PlyCount "71"]
[EventDate "1993.06.??"]
[EventType "tourn"]
[EventRounds "9"]
[EventCountry "SWE"]
[EventCategory "11"]
[SourceTitle "CBM 036"]
[Source "ChessBase"]
[SourceDate "1993.10.01"]
[SourceVersion "1"]
[SourceVersionDate "1993.10.01"]
[SourceQuality "1"]

1. e4 c5 2. c3 Nf6 3. e5 Nd5 4. g3 $5 d6 5. exd6 e6 (5... Qxd6 6. Bg2 Nc6 7.
Ne2 g6 8. Na3 (8. d4 $5) 8... Nc7 9. O-O Bg7 10. d3 O-O 11. Nc4 Qd7 12. Be3 Ne6
13. Re1 Re8 14. Qa4 $6 Rb8 15. Na3 b5 $1 $17 {Rozentalis,E-Hellers,F/Malmo/
1993/}) 6. Bg2 Bxd6 7. Nf3 Nc6 8. O-O O-O 9. Na3 Be7 $5 (9... Ne5 10. d3 Bd7
11. Ng5 Bc6 12. Nc4 $14) (9... Bd7 10. Nc4 Bc7 11. d3 Rc8 12. a4 $14) 10. d3 b6
11. Nc4 Bb7 12. a4 Qc7 13. Qe2 $5 (13. Qc2) 13... Rad8 14. Bd2 Rfe8 15. Rae1
Bf8 16. Bg5 f6 17. Bc1 e5 18. Nh4 Qd7 19. Qc2 g5 $2 (19... Nce7) 20. Nf3 Nc7
21. Nfd2 $1 Qxd3 22. Qxd3 Rxd3 23. Ne4 Kg7 (23... Be7 24. f4 (24. Ne3 $5) 24...
Ba6 25. Nf2 $1) 24. f4 $1 (24. Ne3 $5 Ba6 25. Nxf6 $1 Kxf6 26. Bxc6) 24... exf4
25. gxf4 h6 (25... g4 26. Nf2) 26. fxg5 fxg5 27. h4 $1 (27. Rf6 Be7) 27... gxh4
28. Rf6 $1 Nd8 (28... Rxe4 29. Rg6+ $1 Kxg6 30. Bxe4+ Kg7 31. Bxd3 $18) (28...
h3 29. Bxh6+ Kg8 30. Rxc6 $1) 29. Bxh6+ Kg8 30. Bxf8 Rxf8 31. Rg6+ $1 Kh8 (
31... Kh7 32. Ne5 {/\ Ng5}) 32. Ne5 Rd5 (32... Bxe4 33. Rxe4 $1) 33. Ng5 Rf5 (
33... Rd2 34. Bxb7 Nxb7 35. Re4 $18) 34. Bxd5 Bxd5 (34... Nxd5 35. Nef7+ Nxf7
36. Re8#) 35. c4 Ba8 (35... Bg8 36. Re4) 36. Rd1 (36. Rd1 Rf8 37. Rd7 $18) 1-0

[Event "Interpolis-01"]
[Site "Tilburg"]
[Date "1977.10.06"]
[Round "11"]
[White "Hort, Vlastimil"]
[Black "Karpov, Anatoly"]
[Result "1/2-1/2"]
[WhiteElo "2620"]
[BlackElo "2690"]
[Annotator "Ftacnik,L"]
[PlyCount "27"]
[EventDate "1977.09.23"]
[EventType "tourn"]
[EventRounds "11"]
[EventCountry "NED"]
[EventCategory "14"]
[SourceTitle "MCL"]
[Source "ChessBase"]
[SourceDate "1999.07.01"]
[SourceVersion "1"]
[SourceVersionDate "1999.07.01"]
[SourceQuality "1"]

1. e4 c5 2. Nf3 e6 3. c3 d5 4. exd5 exd5 5. d4 Nc6 6. Be2 Nf6 7. O-O Be7 8. Be3
cxd4 9. Nxd4 O-O 10. Nd2 Re8 11. Re1 $14 h6 12. h3 Bd6 13. Bf1 a6 14. Rc1
1/2-1/2

[Event "Hoogovens op"]
[Site "Wijk aan Zee"]
[Date "1995.01.??"]
[Round "2"]
[White "Winants, Luc"]
[Black "Nijboer, Friso"]
[Result "1-0"]
[WhiteElo "2500"]
[BlackElo "2510"]
[Annotator "Ftacnik,L"]
[PlyCount "81"]
[EventDate "1995.01.??"]
[EventType "swiss"]
[EventRounds "12"]
[EventCountry "NED"]
[SourceTitle "CBM 046"]
[Source "ChessBase"]
[SourceDate "1995.06.01"]
[SourceVersion "1"]
[SourceVersionDate "1995.06.01"]
[SourceQuality "1"]

1. e4 c5 2. Nf3 Nc6 3. c3 Nf6 4. e5 Nd5 5. d4 cxd4 6. Bc4 Nb6 7. Bb3 d5 8. exd6
Qxd6 9. O-O Be6 (9... Bf5 10. Nxd4 Nxd4 11. cxd4 e6 12. Nc3 Be7 13. Qf3 $14)
10. Na3 dxc3 11. Qe2 Bxb3 12. axb3 (12. Nb5 Qb8 13. axb3 e5 14. bxc3 (14. Nbd4
Nxd4 15. Nxd4 f6 16. bxc3 Kf7 (16... Bd6 17. Nf5 g6 18. Nxd6+ Qxd6 19. f4 Nd7
20. Rd1 Qc7 21. Ba3 Kf7 22. Qc4+ Qxc4 23. Rxd7+ Ke6 24. Re7+ {Palkovi,
J-Grabics,M/Budapest FS MarIM-A (05)/1994/1-0 (33)}) 17. Nb5 a6 18. Be3 axb5
19. Bxb6 Rxa1 20. Rxa1 Qe8 21. Ra5 b4 22. c4 Qc6 23. Rb5 Be7 24. Ba5 {Lautier,
J-Gelfand,B/Linares (07)/1994/0.5 (35)}) (14. Nfd4 g6 15. Nxc6 bxc6 16. Nxa7
Qc7 17. Be3 Bd6 18. Nb5 cxb5 19. Bxb6 Qc6 20. Rxa8+ Qxa8 21. Qxb5+ Ke7 22. bxc3
Rc8 23. c4 Qc6 24. Qxc6 {Janovsky,S-Timoshenko,G/Voskresensk/1992/0.5 (76)}) (
14. Be3 Nc8 15. Rfd1 Be7 16. Ng5 cxb2 17. Ra4 O-O 18. Qh5 h6 19. Ne6 fxe6 20.
Bxh6 Bf6 21. Rg4 N8e7 22. Nc3 Qe8 23. Qh3 Rd8 24. Re1 {Vorobiov,E-Mitenkov,A/
Moscow-ch/1994/0-1 (25)}) (14. Bf4 f6 (14... Bd6 15. Rad1 O-O 16. Nxd6 exf4 17.
bxc3 Nc8 18. Nxf7 Rxf7 19. Ng5 Nb6 20. Nxf7 Kxf7 21. Rfe1 Kg8 22. Qe6+ Kh8 23.
Qf7 Qg8 24. Qxb7 {Motwani,P-Ernst,T/Gausdal Troll (5)/1992/0-1 (54)}) 15. bxc3
Be7 16. Be3 Nd5 17. Bd2 O-O 18. c4 Nc7 19. Be3 Rd8 20. Rfd1 a6 21. Nc3 Rxd1+
22. Rxd1 Qe8 23. Bb6 Ne6 24. Ne4 {Turov,M-Nevostrujev,V/St.Petersburg op (08)/
1994/0.5 (45)}) 14... Be7 15. Re1 Nd7 16. Ng5 Bxg5 17. Bxg5 O-O 18. Rad1 Nc5
19. Qg4 Qc8 20. Qh4 Qf5 21. Nd6 Qg6 22. b4 Nd3 23. Re3 Qxd6 24. Rexd3 {Hoffman,
A-Gavrikov,V/Biel (04)/1994/0-1 (42)}) 12... Rd8 13. Nb5 Qb8 14. bxc3 a6 15.
Nbd4 Nxd4 16. Nxd4 Qc7 17. Bb2 e6 18. c4 Be7 19. Qg4 Bf6 (19... O-O $2 20. Nxe6
$18) 20. Nxe6 $1 fxe6 21. Bxf6 gxf6 22. Qxe6+ Qe7 (22... Kf8 23. Qxf6+ Kg8 24.
Ra5 h6 25. Qg6+ Qg7 (25... Kf8 26. Rf5+ Ke7 27. Rf7+ $18) 26. Qxb6 $18) 23.
Qxb6 Rd6 24. Qc5 O-O 25. Rae1 Qd7 26. h3 b5 27. cxb5 Rd5 28. Qa3 $5 (28. Qc2
axb5 29. Rd1 $16) 28... Qxb5 29. Re3 (29. Re6 a5) 29... Rg5 30. Rd1 Qc6 31. g3
a5 32. Qa2 Kh8 33. h4 Rc5 34. Qd2 Rc8 35. Qd4 Rf5 $6 (35... Rc1 $16) 36. Qd7 $1
Rc5 (36... Qxd7 37. Rxd7 Rb5 38. Ree7 $18) 37. Qe7 Rg8 38. Re6 Qf3 39. Qxf6+
Qxf6 40. Rxf6 Rb8 41. Rd7 $1 (41. Rd7 $1 Rcb5 42. Rh6 $18) 1-0

[Event "Pamplona 14th"]
[Site "Pamplona"]
[Date "2004.12.26"]
[Round "4"]
[White "Mamedyarov, Shakhriyar"]
[Black "Gelfand, Boris"]
[Result "0-1"]
[WhiteElo "2660"]
[BlackElo "2693"]
[Annotator "Gelfand,B"]
[PlyCount "136"]
[EventDate "2004.12.22"]
[EventType "tourn"]
[EventRounds "7"]
[EventCountry "ESP"]
[EventCategory "16"]
[SourceTitle "CBM 105"]
[Source "ChessBase"]
[SourceDate "2005.04.11"]
[SourceVersion "1"]
[SourceVersionDate "2005.04.11"]
[SourceQuality "1"]

1. e4 c5 2. c3 Nf6 3. e5 Nd5 4. Nf3 d6 5. d4 cxd4 6. Qxd4 e6 7. exd6 Qxd6 (7...
Nc6 8. Bb5 Qxd6) 8. Na3 (8. Bd3 $5 Nc6 9. Qe4) (8. Bb5+ Bd7 9. Bxd7+ Qxd7 10.
O-O Nc6 11. Qe4 O-O-O 12. Nbd2 f6 13. Nd4 e5 14. Nxc6 Qxc6 15. Nb3 Kb8 16. Rd1
Bc5 17. Bd2 Bb6 18. c4 Nb4 19. Qxc6 Nxc6 20. Bc3 Ne7 $15 {Azmayparashvili,
Z-Gelfand,B,Madrid,1996}) 8... Nc6 9. Bb5 Bd7 10. Bxc6 Bxc6 (10... Qxc6 11. Ne5
(11. Nc4 f6) 11... Qc5 12. Qg4 Nf6 13. Qe2 $11) 11. Nc4 Qc7 (11... Qc5 12. Nce5
Qxd4 13. Nxd4 Ba4 14. b3 Bd7 15. Nxd7 Kxd7 16. Bb2 e5 $1 $11) 12. Nce5 f6 (
12... Bb5 13. c4 Nb4 14. Qe4) 13. Nxc6 Qxc6 14. O-O (14. Qg4 Qa6 (14... Bc5 15.
Qxg7 O-O-O)) 14... Bc5 15. Qe4 (15. Qg4 O-O) 15... O-O (15... O-O-O $5 16. Nd4
Bxd4 17. Qxd4 $11) 16. Bd2 $6 $146 (16. Nd4 Bxd4 17. Qxd4 Rfd8 $15) (16. c4 Nb4
17. Qxc6 Nxc6 18. Be3 Bxe3 19. fxe3 $11) 16... Rad8 17. Rfe1 e5 18. Rad1 Ne7 (
18... Qb6 $5 19. Be3 $8 (19. Rf1 Qxb2 20. Rb1 Qxa2 21. Rxb7 (21. Ra1 Qb3 22.
Rfb1 Nxc3) 21... Nb6 $17) 19... Bxe3 20. fxe3 Nxe3 21. Rxd8 Nd5+ 22. Kh1 Rxd8
23. Rd1 Nf4 24. Rxd8+ Qxd8 25. Qxb7 $15) (18... Rd7 19. b4 Be7 20. b5 $132) 19.
Qe2 Rd7 20. Be3 (20. b4 Bb6 21. c4 Rfd8) (20. Bc1 Rfd8) 20... Bxe3 21. Qxe3 b6
22. Rxd7 Qxd7 23. h3 Rd8 $15 24. Qe4 Ng6 25. Re2 Qd1+ (25... Qd3 26. g3) 26.
Re1 Qd5 27. Qxd5+ Rxd5 28. g3 Nf8 (28... Rd3 29. Re3 Rd1+ 30. Re1 $11) 29. Kf1
Ne6 30. Ke2 Kf7 (30... e4 31. Nd2) (30... Nc5 31. b4 Na4 32. Rc1) 31. b4 $6 (
31. Rd1 Rxd1 32. Kxd1 Nc5 $15) (31. Nd2 Nc5 32. b4 Nd3 33. Rd1 Ke6 $15) 31...
e4 32. Nd2 f5 33. f3 Rd3 34. Rc1 (34. fxe4 Rxg3 35. exf5 Nf4+ $17) 34... Kf6 (
34... g5 $1 {/\Kf6,h5-h4} 35. Nc4 Kf6 36. Ne3 f4 37. Ng4+ Kg7 38. fxe4 Rxg3 39.
Rd1 h5 40. Rd7+ Kg6 41. Nf2 Rxc3 $19) 35. h4 g6 36. a4 h6 (36... a5 $6 37. fxe4
Rxg3 38. exf5 gxf5 39. Nc4 $11) 37. Rc2 g5 38. hxg5+ hxg5 39. Rc1 g4 (39... a6
40. fxe4 (40. Rh1 Rxc3 41. fxe4 Nd4+ 42. Kf2 $17) 40... Rxg3 41. Kf2 Rh3 42.
exf5 Nf4 43. Nc4 $17) 40. fxg4 Rxg3 41. gxf5 Kxf5 $2 (41... Nf4+ 42. Kf2 Rg2+
43. Ke3 Nd5+ 44. Kxe4 Rxd2 $19) 42. Kf2 Rd3 (42... Kf4 43. Nc4 Ng5 $17) 43. Nc4
Rf3+ 44. Kg1 Nf4 45. Re1 Rg3+ 46. Kf2 Rf3+ 47. Kg1 Rxc3 48. Nd6+ Kg4 49. Rxe4 (
49. Nxe4 Rc2 50. Nf6+ Kf5 51. Rf1 Rg2+ 52. Kh1 Rd2 53. Nh5 Rd4 $17) 49... Kf3
50. Rc4 $6 Ra3 51. a5 Ra1+ 52. Kh2 Ra2+ 53. Kh1 bxa5 $1 (53... Ne2 $1 54. Ne4 (
54. Nf5 bxa5 55. b5 Rb2) 54... b5 $19) 54. bxa5 (54. Rc3+ $1 $17) 54... Ra1+
55. Kh2 Ra2+ 56. Kh1 Ne2 57. Ne4 Rxa5 58. Nd2+ Ke3 59. Nb3 Rg5 60. Rc7 Kf2 61.
Rf7+ Kg3 62. Rh7 Rd5 63. Rg7+ Kf3 64. Rf7+ Nf4 65. Nd4+ $2 (65. Kh2 a6 66. Rf8
a5 67. Nxa5 Rh5+ 68. Kg1 Rxa5 69. Rf7 $1 $11 (69. Kh1 Rg5 $1 70. Rf7 Rg4 71.
Kh2 Kf2 72. Rh7 Rg5 73. Kh1 (73. Rh6 Ng6) 73... Rf5 74. Rh2+ (74. Kh2 Ne2)
74... Kg3 75. Rh7 Ne2 76. Rh3+ Kf2 77. Rh2+ Kf1 78. Rh7 Ng1 $19)) 65... Rxd4
66. Rxa7 Rd6 $1 $19 67. Ra2 (67. Rf7 Kg3 68. Rg7+ Ng6) 67... Rh6+ 68. Rh2 Nh3
$22 0-1

[Event "Coventry op"]
[Site "Coventry"]
[Date "2005.03.28"]
[Round "8"]
[White "Cherniaev, Alexander"]
[Black "Georgiev, Kiril"]
[Result "0-1"]
[WhiteElo "2509"]
[BlackElo "2654"]
[Annotator "Georgiev,Ki"]
[PlyCount "140"]
[EventDate "2005.03.24"]
[EventType "swiss"]
[EventRounds "9"]
[EventCountry "ENG"]
[SourceTitle "CBM 105 Extra"]
[Source "ChessBase"]
[SourceDate "2005.05.01"]
[SourceVersion "1"]
[SourceVersionDate "2005.05.01"]
[SourceQuality "1"]

1. e4 c5 2. c3 Nf6 3. e5 Nd5 4. Nf3 Nc6 5. d4 cxd4 6. cxd4 d6 7. Bc4 e6 8. O-O
Be7 9. Qe2 $11 {In this position my opponent affered a draw which I declined}
O-O 10. Qe4 Ndb4 11. exd6 Qxd6 12. Bf4 Qd8 13. Nc3 Na5 14. Be2 Bd7 15. Ne5 Bc6
16. Nxc6 Naxc6 17. Rad1 Nd5 $1 18. Bc1 $6 ({Better was} 18. Nxd5 {with about
equal position.}) 18... Bf6 19. Bf3 Nce7 20. Qe2 Rc8 {Black's position is
prefferable in view of the control of "d5" square.} 21. Ne4 Nc6 22. Be3 ({
Possible was} 22. Nxf6+) 22... Rc7 23. a3 Qe7 24. Nxf6+ Qxf6 25. Be4 Qh4 26.
Bb1 Rd7 27. g3 Qh3 28. Be4 a6 29. Bc1 Rd6 30. Rd3 Nf6 31. Bg2 Qf5 32. Rfd1 Rfd8
33. Be3 h6 34. h3 Nd5 35. Kh2 Qf6 36. R3d2 R6d7 37. Be4 Nce7 {Prepares Nf5} 38.
Qg4 Rc8 39. Kg2 Rdc7 40. Re2 Rd7 41. Red2 Nf5 $1 42. Qf3 Rcd8 43. Bxf5 $2 ({
Better was} 43. Bb1) 43... exf5 44. Rc2 g5 45. Rdc1 Kg7 46. g4 $2 {White
weaknesses his kingside.} (46. Bd2 $142) 46... fxg4 47. hxg4 Qe6 48. Rc5 b6 49.
Rc6 Rd6 50. Rxd6 Rxd6 51. Re1 Qd7 52. Qg3 Re6 $19 53. Bd2 Nf4+ 54. Kh2 Rxe1 55.
Bxe1 f6 56. Qe3 Qc6 57. f3 Qc2+ 58. Qd2 Qb3 59. Qc3 Qd1 60. Qe3 Kf7 61. Qe4
Qe2+ 62. Qxe2 Nxe2 63. Bf2 b5 64. d5 Nf4 65. d6 Ke6 66. Bd4 Nd5 67. Bc5 Kd7 68.
Kg3 Nf4 69. Be3 Ne6 70. b3 Kxd6 0-1